Christmas in prague (Registro nro. 14351)

Detalles MARC
000 -CABECERA
Longitud fija campo de control 00572nam a22002057a 4500
003 - IDENTIFICADOR DELl NÚMERO DE CONTROL
Identificador del número de control OSt
005 - FECHA Y HORA DE LA ÚLTIMA TRANSACCIÓN
Fecha y hora de la última transacción 20141022154851.0
008 - CÓDIGOS DE INFORMACIÓN DE LONGITUD FIJA
Códigos de información de longitud fija 141003b xxu||||| |||| 00| 0 eng d
020 ## - NÚMERO INTERNACIONAL NORMALIZADO PARA LIBROS
Número Internacional Normalizado para Libros (ISBN) 978-0-19-478902-8
040 ## - FUENTE DE LA CATALOGACIÓN
Centro transcriptor BMC
082 ## - NÚMERO DE LA CLASIFICACIÓN DECIMAL DEWEY
Númeroo de clasificación 823
100 1# - PUNTO DE ACCESO PRINCIPAL-NOMBRE DE PERSONA
Nombre de persona Hannam, Joyce‏
9 (RLIN) 26301
245 10 - MENCIÓN DE TÍTULO
Título Christmas in prague
Mención de responsabilidad, etc. Joyce Hannam
260 ## - PUBLICACIÓN, DISTRIBUCIÓN, ETC. (PIE DE IMPRENTA)
Lugar de publicación, distribución, etc. New York
Nombre del editor, distribuidor, etc. Oxford University Press
Fecha de publicación, distribución, etc. cop. 2008
300 ## - DESCRIPCIÓN FÍSICA
Extensión 56 p.
Otras características físicas il.
Dimensiones 20 cm
490 ## - MENCIÓN DE SERIE
Mención de serie Oxford Bookworms
Designación de volumen o secuencia starter
650 24 - PUNTO DE ACCESO ADICIONAL DE MATERIA - TÉRMINO DE MATERIA
Término de materia o nombre geográfico como elemento inicial Novela inglesa
9 (RLIN) 11162
852 ## - LOCALIZACIÓN
Localización American Space
Parte de la signatura que identifica al ejemplar 823 ESC gir
Número de copia 1 ejemplar
942 ## - ENTRADA DE ELEMENTOS AGREGADOS (KOHA)
Fuente de clasificaión o esquema Dewey Decimal Classification
Koha [por defecto] tipo de item 1- Monografias
Existencias
Suprimido Perdido Fuente de clasificación o esquema Estropeado Restricciones de uso No para préstamo Código de colección Localización permanente Localización actual Localización en estanter&íacute;as Fecha adquisición Fuente de adquisición Número de inventario Préstamos totales Signatura completa Código de barras Fecha última consulta Coste, precio reemplazado Fecha del precio de reemplazo Tipo de item de Koha
NULL NULL Dewey Decimal Classification NULL Prestable NULL NULL Biblioteca Miguel de Cervantes - UNICAES Biblioteca Miguel de Cervantes - UNICAES Sala Principal 06/10/2014 Donación - American Space 000365   N HAN chr 1023111 06/10/2014 6.00 06/10/2014 1- Monografias